<?xml version="1.0" encoding="UTF-8"?>
<record
    xmlns:xsi="http://www.w3.org/2001/XMLSchema-instance"
    xsi:schemaLocation="http://www.loc.gov/MARC21/slim http://www.loc.gov/standards/marcxml/schema/MARC21slim.xsd"
    xmlns="http://www.loc.gov/MARC21/slim">

  <leader>01371nam a22001817a 4500</leader>
  <controlfield tag="008">190806b        xxu||||| |||| 00| 0 eng d</controlfield>
  <datafield tag="020" ind1=" " ind2=" ">
    <subfield code="a">0878930981</subfield>
  </datafield>
  <datafield tag="050" ind1=" " ind2=" ">
    <subfield code="a">QL362.B924</subfield>
  </datafield>
  <datafield tag="100" ind1=" " ind2=" ">
    <subfield code="a">Brusca, Richard C.</subfield>
  </datafield>
  <datafield tag="245" ind1=" " ind2=" ">
    <subfield code="a">Invertebrates. /</subfield>
    <subfield code="c">Richard C. Brusca.</subfield>
  </datafield>
  <datafield tag="260" ind1=" " ind2=" ">
    <subfield code="a">Sunderland:</subfield>
    <subfield code="b">Sinauer,</subfield>
    <subfield code="c">1990.</subfield>
  </datafield>
  <datafield tag="300" ind1=" " ind2=" ">
    <subfield code="a">xviii, 922 p.:</subfield>
    <subfield code="b">ill.;</subfield>
    <subfield code="c">29 cm</subfield>
  </datafield>
  <datafield tag="500" ind1=" " ind2=" ">
    <subfield code="a">Includes index.</subfield>
  </datafield>
  <datafield tag="505" ind1=" " ind2=" ">
    <subfield code="a">Contents: Introduction -- Classification, systematics, and phylogeny -- Animal architecture and the Bauplan concept -- The metazoa: Development, life histories, and phylogeny -- The protozoa -- Four phyla of Uncertain affinity -- Phylum porifera: The sponges -- Phylum cnidaria -- Phylum ctenophora: The comb jellies -- Phylum platyhelminthes -- Phylum nemertea: The ribbon worms -- "Pseudocoelomates," priapulans, gnathostomulids, and loriciferans -- Phylum annelida: The segmented worms -- Four phyla of coelomate worms -- Four phyla of coelomate worms -- Phylum arthropoda: The arthropod bauplan and the trilobites -- Phylum arthropoda: The cheliceriformes -- Phylum arthropoda: The insects and myriapods -- Three enigmatic groups and a review of arthropod phylogeny -- Phylum mollusca -- Other deuterostomes: Chaetognatha, hemichordata, chordata -- Perspectives on invertebrate phylogeny.</subfield>
  </datafield>
  <datafield tag="700" ind1=" " ind2=" ">
    <subfield code="a">Brusca, Richard C.</subfield>
  </datafield>
  <datafield tag="700" ind1=" " ind2=" ">
    <subfield code="a">Brusca, Gary J.</subfield>
  </datafield>
  <datafield tag="942" ind1=" " ind2=" ">
    <subfield code="2">lcc</subfield>
    <subfield code="c">BK</subfield>
  </datafield>
  <datafield tag="999" ind1=" " ind2=" ">
    <subfield code="c">6874</subfield>
    <subfield code="d">14374</subfield>
  </datafield>
  <datafield tag="952" ind1=" " ind2=" ">
    <subfield code="0">0</subfield>
    <subfield code="1">0</subfield>
    <subfield code="2">lcc</subfield>
    <subfield code="4">0</subfield>
    <subfield code="7">0</subfield>
    <subfield code="a">WIUC-1</subfield>
    <subfield code="b">WIUC-1</subfield>
    <subfield code="d">2019-08-07</subfield>
    <subfield code="l">0</subfield>
    <subfield code="o">QL362.B924</subfield>
    <subfield code="p">NURS/597/259/19</subfield>
    <subfield code="r">2019-08-07 00:00:00</subfield>
    <subfield code="w">2019-08-07</subfield>
    <subfield code="y">BK</subfield>
  </datafield>
</record>
